000 01970nam a22001577a 4500
041 _aukr
080 _a09
090 _bЧІС
100 _aЧасник І.С.
245 _aСклад мовлення як вияв авторського стилю (на прикладі творчості Джеймса Джойса та Вірджинії Вульф)
260 _aОстрог
_bКАФ
_c2007
300 _a72
520 _aВСТУП. РОЗДІЛ 1. ЗАГАЛЬНА ХАРАКТЕРИСТИКА ПОНЯТТЯ "АТРИБУЦІЯ ТЕКСТУ". 1.1. Особливості стилю автора. 1.2. Склад мови як виявлення авторського стилю. 1.3. Історія виникнення атрибуції тексту. 1.4. Методи визначення авторства художнього тексту. 1.5. Стилеметричні закони. РОЗДІЛ 2. ОСОБЛИВОСТІ СТИЛЮ ДЖЕЙМСА ДЖОЙСА. 2.1. Авторський стиль Джеймса Джойса. 2.1.1. Використання "потоку свідомості". 2.1.2. Хронологічна послідовність. 2.1.3. Інтертекстуальність. 2.1.4. Застосування монтажу. 2.1.5. Роль музики, кольору, символіки у творі. 2.1.6. Гумор в романі. 2.2. Мовні особливості роману. РОЗДІЛ 3. ПОРІВНЯЛЬНА ХАРАКТЕРИСТИКА СТИЛЮ ДЖ.ДЖОЙСА ТА В. ВУЛЬФ. 3.1. В.Вульф яскрава представниця модернізму. 3.2. Схожість та відмінність в стилі Дж. Джойса та В.Вульф. 3.3. Порівняння складу мовлення В.Вульф та Дж.Джойса. ВИСНОВКИ.
_0Склад мовлення, авторський стиль
650 _aResearch Papers
999 _c283952
_d283952
942 _cBK